000 00691nam a22002417a 4500
005 20170124110013.0
010 _a961917
020 _c00.00
_a9231016334
035 _a961917
037 _bCen Lib/ Ret
040 _aDPL
_bEN
082 _a370.2
_bHOL
100 _aHolmes, Brain
_918163
245 _aInternational guide to education system /
_cby Brian Holmes
260 _aFrance
_bUNESCO
_c1979
270 _bFrance
_a7 place de fontenoy
300 _a288p.
_c20cm(Hb)
500 _aIncludes index
650 _aSchool management and organization
_918164
650 _aInternational education
_918165
700 _918106
942 _2ddc
_cEN
_h370.2
_mHOL
999 _c126681
_d126681